| 000 | 00442nam a22001697a 4500 | ||
|---|---|---|---|
| 003 | NUST - PNEC | ||
| 005 | 20170116181050.0 | ||
| 008 | 150929b xxu||||| |||| 00| 0 eng d | ||
| 020 | _a8170291194 | ||
| 040 | _cLIBRARY | ||
| 082 | _a620.0042 THO | ||
| 100 |
_911815 _aThomas, Robert M. |
||
| 245 |
_aAutocad desktop companion _cRobert M. Thomas |
||
| 260 | _ac.1990 | ||
| 650 |
_911816 _aAutocad _xMIS / Computer Science |
||
| 942 |
_2ddc _cBK |
||
| 999 |
_c68352 _d68352 |
||